Distribution par images - Hibernatus - Statistiques

Statistiques générales
  • Ce quiz a été pris 49 fois
  • Le résultat moyen est 5 sur 9
Statistiques - réponses
Par images Hint Réponse % Correct
Hubert de Tartas Louis de Funès
100%
Edmée de Tartas Claude Gensac
77%
Secrétaire général Claude Piéplu
73%
Charles Paul Préboist
68%
Edouard Loriebat Michael Lonsdale
50%
Paul Fournier Bernard Alane
30%
Servante Martine Kelly
25%
Édouard Crépin-Jaujard Yves Vincent
20%
Bibolini Pascal Mazzotti
9%
Aucun quiz correspondant
Distribution des résultats
% des personnes avec chaque résultat
Percentile par nombre de réponses
Votre historique - résultats
Vous n’avez pas pris ce quiz